Dilapidations and Service Charge Disputes (Record no. 108774)
[ view plain ]
| 000 -LEADER | |
|---|---|
| fixed length control field | 00410cam a22001695a 4500 |
| 001 - CONTROL NUMBER | |
| control field | L145374 |
| 008 - FIXED-LENGTH DATA ELEMENTS--GENERAL INFORMATION | |
| fixed length control field | 081001s xxk f 000 0 eng d |
| 020 ## - INTERNATIONAL STANDARD BOOK NUMBER | |
| International Standard Book Number | 9780728205543 |
| 035 ## - SYSTEM CONTROL NUMBER | |
| System control number | (Sirsi) u145374 |
| 041 0# - LANGUAGE CODE | |
| Language code of text/sound track or separate title | eng |
| 100 1# - MAIN ENTRY--PERSONAL NAME | |
| Personal name | Edwards,Simon |
| 245 00 - TITLE STATEMENT | |
| Title | Dilapidations and Service Charge Disputes |
| Remainder of title | A practical guide |
| 350 ## - PRICE (NR) (BK AM CF MU VM SE) [OBSOLETE] | |
| Price | £36.99 |
| 651 #4 - SUBJECT ADDED ENTRY--GEOGRAPHIC NAME | |
| Geographic name | ENGLAND AND WALES |
| 942 ## - ADDED ENTRY ELEMENTS (KOHA) | |
| Suppress in OPAC | 0 |
No items available.